Thai History Quiz 2025 - Statistics

General Stats
  • This quiz has been taken 111 times
  • The average score is 6 of 15
Answer Stats
Hint Answer % Correct
Main Language Thai
91%
Capital Bangkok
88%
Number of Provinces 76
72%
Main Religion Buddhism
65%
Biggest Enemy Cambodia
64%
Longest Border Myanmar
58%
Number of Prime Ministers 32
56%
Currency Thai Baht
36%
Rank in Military Charts 25
26%
Number of Political Parties 9
26%
Form of Government Democracy
21%
Closest Ally Vietnam
18%
Founded in 1932
10%
Current King Maha Vajiralongkorn
8%
Main Export Machine Parts
2%
No matching quizzes found
Score Distribution
Percent of People with Each Score
Percentile by Number Answered
Your Score History
You have not taken this quiz